000 00183 a2200097 4500
020 _a9977330115
041 _aspa
100 _aMarco Tulio Mena
245 _aBoca de Angel
942 _cK
999 _c26845
_d26845